000 01002ngm a22002770a 4500
001 PT19554
003 AR-LpoUNG
005 20210202000314.0
007 vd cvaizq
008 191001s1994||||ag |||||||||||||||||spa d
040 _aAR-LpoUNG
_bspa
_cAR-LpoUNG
_eaacr
041 _aspa
044 _aag
082 0 _a302.5 48som
100 1 _aOlivera, Hector
_edir.
245 1 0 _aUna sombra ya pronto serás
260 _aBuenos Aires :
_bGativideo,
_c1994.
300 _aVHS (130 min.) : son., col.
520 _aEn una Argentina de fin de siglo, un ingeniero venido de Europa deambula por una zona de La Pampa. Allí encuentra a un grupo de soñadores y perdedores que ya no tienen nombres ni identidades. La película es su segunda adaptación de una novela del popular escritor Osvaldo Soriano, quien además contribuyó en la confección del guión.
650 4 _aARGENTINA
651 4 _aArgentina
653 _aCINE ARGENTINO
653 _aVIDEOS
905 _a19554
942 _cVIDEO
999 _c54583
_d54583